000 00494nam a2200205 a 4500
001 BRCA_6728
005 20190321142921.0
008 201011s1916----gw-g######---#000-0#ger-#
041 _ager
044 _agw
050 4 _b.C46 1916
100 1 _aChop, Max
_d1862-1929
_916807
245 1 0 _aFührer durch die Opernmusik
_cvon Max Chop.
260 _aBerlín
_bGlobus
_c1916
300 _a319 p.
_bil.
_c17 cm.
500 _aL65
650 1 4 _aMúsica
_916808
902 _aGFM
942 _2lcc
_cB
999 _c6411
_d6411